000 00422nam a2200181Ia 4500
001 4701
005 20260306145815.0
008 260306t2015||||xx |||||||||||||| ||spa||
041 _aESP
082 _a330.01
_bB12I
100 _aBaca Urbina, Gabriel
_eAUT
245 0 _aIngeniería económica
260 _c2015
300 _ax, 498 páginas :
_c27 cm.
650 _aGEN
654 _aCAN
942 _cLIB
_dJUS
_fJUS
_2ddc
_n
999 _c4701
_d4701